Georgia : Technical Assistance Report-Public Sector Balance Sheet and State Owned Enterprises.

Georgia's public sector balance sheet (PSBS) is in relatively healthy shape, with assets exceeding liabilities, and is comparatively lean. Looking across all entities that the government controls, including the central government, local governments, the State-Owned Enterprise (SOE) sector and t...

Ausführliche Beschreibung

Bibliographische Detailangaben
Körperschaft: International Monetary Fund. Fiscal Affairs Dept
Format: Zeitschrift
Sprache:English
Veröffentlicht: Washington, D.C. : International Monetary Fund, 2020.
Schriftenreihe:IMF Staff Country Reports; Country Report ; No. 2020/223
Online Zugang:Full text available on IMF
LEADER 01771cas a2200241 a 4500
001 AALejournalIMF021126
008 230101c9999 xx r poo 0 0eng d
020 |c 5.00 USD 
020 |z 9781513551029 
022 |a 1934-7685 
040 |a BD-DhAAL  |c BD-DhAAL 
110 2 |a International Monetary Fund.  |b Fiscal Affairs Dept. 
245 1 0 |a Georgia :   |b Technical Assistance Report-Public Sector Balance Sheet and State Owned Enterprises. 
264 1 |a Washington, D.C. :  |b International Monetary Fund,  |c 2020. 
300 |a 1 online resource (67 pages) 
490 1 |a IMF Staff Country Reports 
500 |a <strong>Off-Campus Access:</strong> No User ID or Password Required 
500 |a <strong>On-Campus Access:</strong> No User ID or Password Required 
506 |a Electronic access restricted to authorized BRAC University faculty, staff and students 
520 3 |a Georgia's public sector balance sheet (PSBS) is in relatively healthy shape, with assets exceeding liabilities, and is comparatively lean. Looking across all entities that the government controls, including the central government, local governments, the State-Owned Enterprise (SOE) sector and the National Bank of Georgia (NBG), total assets are worth 149 percent of GDP, made up of cash, loans, infrastructure, land and productive SOE assets. Liabilities are worth 81 percent of GDP, primarily comprising loans and debt of the government and SOEs. This leaves positive net worth of 68 percent of GDP, putting it in the top third of countries in the IMF's database. 
538 |a Mode of access: Internet 
830 0 |a IMF Staff Country Reports; Country Report ;  |v No. 2020/223 
856 4 0 |z Full text available on IMF  |u http://elibrary.imf.org/view/journals/002/2020/223/002.2020.issue-223-en.xml  |z IMF e-Library